000 02113nam2a22002771 4500
001 rc\4935348
005 20260407142618.0
021 _aRU
_b[70-63444]
035 _a(NLR Aleph) 008947334
090 _a8981434
_c8981434
100 _a20130426d1970 |||y0rusy50 ca
101 0 _arus
102 _aRU
105 _ay z |||||
200 0 _aТ. 14
_fВсесоюз. объединение "Союзсельхозтехника" Совета Министров СССР. Упр. заказов, испытания и внедрения новой техники
210 _cЦНИИТЭИ
_d1970
_aБ. м.
215 _a336 с.
_d20
300 _aЗагл. вып. 13: Сборник агрозоотехнических требований на сельскохозяйственные машины и тракторы
461 0 _1001rc\4935336
_12001#$aСборник агрозоотехнических требований на сельскохозяйственные машины$eТ. 3$fВсесоюз. объединение "Союзсельхозтехника". Упр. заказов, испытания и внедрения новой техники с инспекцией по контролю за качеством машин$vТ. 14
_98981362
_cМосква
_d1964
_fВсесоюз. объединение "Союзсельхозтехника". Упр. заказов, испытания и внедрения новой техники с инспекцией по контролю за качеством машин
_nБ. и.
_oТ. 3
_tСборник агрозоотехнических требований на сельскохозяйственные машины
_vТ. 14
517 0 _aСборник агрозоотехнических требований на сельскохозяйственные машины и тракторы
712 0 2 _a"Союзсельхозтехника", всесоюзное объединение
_9523121
_3RU\NLR\AUTH\8810012644
801 0 _aRU
_bNLR
_gpsbo
801 1 _aRU
_bELAR
_2rusmarc
852 _aNLR
_j65-8/804
942 _cBOOK
980 _aNB